000 00303nam a22001457a 4500
008 230913b ||||| |||| 00| 0 eng d
020 _a902770886
041 _aeng
080 _a521
082 _a521HEI
100 _a19
101 _aASTRO
245 _aDOUBLE STARS
_cHEINTZ.D.W
942 _2udc
_cBK
999 _c60360
_d60360